[Event "Rapid Tournament (RAP)"]
[Site "Biel, CH"]
[Date "2025.07.13"]
[Round "7"]
[White "Tkhoruk, Roman"]
[Black "Harish, Neeraj"]
[Result "0-1"]
[Board "14"]
[WhiteFideId "34161589"]
[BlackFideId "30958130"]
[BlackTitle "CM"]
[WhiteElo "2004"]
[BlackElo "2175"]
[WhiteTeam "SUI"]
[BlackTeam "USA"]
[WhiteClock "0:00:50"]
[BlackClock "0:05:39"]
[Variant "Standard"]

1. Nf3 {[%clk 0:15:07]}  d5 {[%clk 0:15:02]} 2. b3 {[%clk 0:15:06]}  Bf5 {[%clk 0:14:57]} 3. Bb2 {[%clk 0:15:07]}  Nf6 {[%clk 0:15:00]} 4. g3 {[%clk 0:15:06]}  e6 {[%clk 0:15:02]} 5. Bg2 {[%clk 0:15:06]}  Nbd7 {[%clk 0:15:02]} 6. O-O {[%clk 0:15:00]}  c6 {[%clk 0:15:03]} 7. d3 {[%clk 0:14:49]}  h6 {[%clk 0:14:44]} 8. Nbd2 {[%clk 0:14:46]}  Qc7 {[%clk 0:14:28]} 9. Re1 {[%clk 0:14:31]}  Be7 {[%clk 0:14:16]} 10. Rc1 {[%clk 0:14:15]}  O-O {[%clk 0:14:09]} 11. c4 {[%clk 0:14:09]}  Bh7 {[%clk 0:13:29]} 12. e4 {[%clk 0:13:39]}  dxe4 {[%clk 0:13:24]} 13. Nxe4 {[%clk 0:13:34]}  Rad8 {[%clk 0:13:11]} 14. Nxf6+ {[%clk 0:12:50]}  Bxf6 {[%clk 0:13:07]} 15. d4 {[%clk 0:11:57]}  Nc5 {[%clk 0:12:57]} 16. Bf1 {[%clk 0:11:23]}  Ne4 {[%clk 0:12:09]} 17. Bd3 {[%clk 0:10:16]}  Nd6 {[%clk 0:11:51]} 18. Bxh7+ {[%clk 0:10:01]}  Kxh7 {[%clk 0:11:54]} 19. Qc2+ {[%clk 0:10:03]}  Kg8 {[%clk 0:11:58]} 20. Rcd1 {[%clk 0:10:02]}  Nf5 {[%clk 0:11:39]} 21. Bc3 {[%clk 0:09:04]}  b5 {[%clk 0:10:58]} 22. Bb4 {[%clk 0:06:58]}  Rfe8 {[%clk 0:10:23]} 23. cxb5 {[%clk 0:06:28]}  Nxd4 {[%clk 0:08:33]} 24. Nxd4 {[%clk 0:06:28]}  Bxd4 {[%clk 0:08:27]} 25. Qxc6 {[%clk 0:05:53]}  Qb6 {[%clk 0:08:08]} 26. Qxb6 {[%clk 0:05:44]}  axb6 {[%clk 0:08:10]} 27. a4 {[%clk 0:05:28]}  e5 {[%clk 0:08:10]} 28. Kg2 {[%clk 0:05:18]}  Rc8 {[%clk 0:08:04]} 29. Re2 {[%clk 0:05:12]}  Red8 {[%clk 0:07:06]} 30. Be7 {[%clk 0:04:42]}  Rd5 {[%clk 0:06:53]} 31. Bb4 {[%clk 0:03:48]}  f6 {[%clk 0:06:48]} 32. Rdd2 {[%clk 0:03:19]}  Rc1 {[%clk 0:06:22]} 33. Ba3 {[%clk 0:02:23]}  Rc3 {[%clk 0:06:06]} 34. Bb2 {[%clk 0:00:20]}  Rxb3 {[%clk 0:06:09]} 35. Bxd4 {[%clk 0:00:24]}  exd4 {[%clk 0:06:06]} 36. Re6 {[%clk 0:00:28]}  Rb4 {[%clk 0:06:02]} 37. Rxb6 {[%clk 0:00:29]}  Rxa4 {[%clk 0:06:05]} 38. Rb8+ {[%clk 0:00:32]}  Kh7 {[%clk 0:06:07]} 39. b6 {[%clk 0:00:32]}  Rb4 {[%clk 0:06:10]} 40. b7 {[%clk 0:00:32]}  Rb3 {[%clk 0:05:59]} 41. h4 {[%clk 0:00:31]}  h5 {[%clk 0:05:59]} 42. Kf1 {[%clk 0:00:27]}  Kg6 {[%clk 0:05:53]} 43. Ke2 {[%clk 0:00:24]}  Rd7 {[%clk 0:05:53]} 44. Kf1 {[%clk 0:00:22]}  Kf5 {[%clk 0:05:53]} 45. Ke2 {[%clk 0:00:25]}  Kg4 {[%clk 0:05:04]} 46. Kd1 {[%clk 0:00:15]}  Kf3 {[%clk 0:05:03]} 47. Kc2 {[%clk 0:00:18]}  Rbxb7 {[%clk 0:05:01]} 48. Rxb7 {[%clk 0:00:21]}  Rxb7 {[%clk 0:05:06]} 49. Kd3 {[%clk 0:00:21]}  Rb1 {[%clk 0:04:49]} 50. Kxd4 {[%clk 0:00:23]}  Rf1 {[%clk 0:04:53]} 51. Kd5 {[%clk 0:00:23]}  Rxf2 {[%clk 0:04:54]} 52. Rd3+ {[%clk 0:00:27]}  Kg4 {[%clk 0:04:57]} 53. Ke6 {[%clk 0:00:28]}  Rf3 {[%clk 0:04:57]} 54. Rd1 {[%clk 0:00:20]}  Rxg3 {[%clk 0:04:58]} 55. Rd4+ {[%clk 0:00:24]}  Kh3 {[%clk 0:05:00]} 56. Kf7 {[%clk 0:00:27]}  Rg4 {[%clk 0:05:04]} 57. Rd3+ {[%clk 0:00:30]}  Kxh4 {[%clk 0:05:07]} 58. Ke6 {[%clk 0:00:34]}  Rg5 {[%clk 0:05:00]} 59. Rd4+ {[%clk 0:00:36]}  Kg3 {[%clk 0:05:04]} 60. Rd3+ {[%clk 0:00:40]}  Kf4 {[%clk 0:05:04]} 61. Rd4+ {[%clk 0:00:43]}  Ke3 {[%clk 0:05:08]} 62. Rh4 {[%clk 0:00:47]}  Re5+ {[%clk 0:05:12]} 63. Kf7 {[%clk 0:00:50]}  Rg5 {[%clk 0:05:09]} 64. Ke6 {[%clk 0:00:46]}  Kf3 {[%clk 0:05:13]} 65. Rh1 {[%clk 0:00:36]}  Kg2 {[%clk 0:05:16]} 66. Rh4 {[%clk 0:00:40]}  Kg3 {[%clk 0:05:20]} 67. Rh1 {[%clk 0:00:44]}  h4 {[%clk 0:05:22]} 68. Ra1 {[%clk 0:00:46]}  h3 {[%clk 0:05:25]} 69. Ra3+ {[%clk 0:00:50]}  Kh4 {[%clk 0:05:29]} 70. Ra4+ {[%clk 0:00:54]}  Rg4 {[%clk 0:05:32]} 71. Ra1 {[%clk 0:00:57]}  h2 {[%clk 0:05:34]} 72. Ra8 {[%clk 0:00:54]}  Kh3 {[%clk 0:05:36]} 73. Ra1 {[%clk 0:00:55]}  Rf4 {[%clk 0:05:31]} 74. Kf7 {[%clk 0:00:46]}  Kg2 {[%clk 0:05:33]} 75. Ra2+ {[%clk 0:00:49]}  Rf2 {[%clk 0:05:37]} 76. Ra1 {[%clk 0:00:50]}  h1=Q {[%clk 0:05:39]} 0-1

[Event "Rapid Tournament (RAP)"]
[Site "Biel, CH"]
[Date "2025.07.13"]
[Round "7"]
[White "Schweitzer, Olaf"]
[Black "Mikavica, Mirko"]
[Result "0-1"]
[Board "15"]
[WhiteFideId "634123"]
[BlackFideId "908657"]
[WhiteElo "1996"]
[BlackElo "2115"]
[WhiteTeam "FRA"]
[BlackTeam "SUI"]
[WhiteClock "0:00:02"]
[BlackClock "0:05:27"]
[Variant "Standard"]

1. e4 {[%clk 0:15:08]}  d6 {[%clk 0:15:09]} 2. d4 {[%clk 0:15:12]}  Nf6 {[%clk 0:15:14]} 3. f3 {[%clk 0:15:09]}  Nbd7 {[%clk 0:15:01]} 4. Be3 {[%clk 0:15:12]}  e6 {[%clk 0:13:18]} 5. Nc3 {[%clk 0:13:39]}  c6 {[%clk 0:11:01]} 6. Nge2 {[%clk 0:09:53]}  b5 {[%clk 0:13:21]} 7. Qd2 {[%clk 0:08:59]}  Qa5 {[%clk 0:12:01]} 8. g4 {[%clk 0:08:02]}  b4 {[%clk 0:11:14]} 9. Nd1 {[%clk 0:08:46]}  c5 {[%clk 0:10:52]} 10. Ng3 {[%clk 0:08:44]}  h5 {[%clk 0:10:12]} 11. g5 {[%clk 0:08:30]}  h4 {[%clk 0:10:14]} 12. Ne2 {[%clk 0:07:34]}  Nh5 {[%clk 0:10:04]} 13. Nf4 {[%clk 0:07:13]}  Nxf4 {[%clk 0:10:03]} 14. Bxf4 {[%clk 0:07:05]}  cxd4 {[%clk 0:09:52]} 15. h3 {[%clk 0:06:24]}  e5 {[%clk 0:09:55]} 16. Bh2 {[%clk 0:06:28]}  Nc5 {[%clk 0:09:31]} 17. Bc4 {[%clk 0:06:11]}  Be6 {[%clk 0:08:56]} 18. Bd3 {[%clk 0:05:40]}  Be7 {[%clk 0:08:52]} 19. Nf2 {[%clk 0:04:23]}  Rc8 {[%clk 0:07:24]} 20. O-O {[%clk 0:05:11]}  Nxd3 {[%clk 0:06:57]} 21. cxd3 {[%clk 0:04:14]}  Rh5 {[%clk 0:06:24]} 22. f4 {[%clk 0:04:57]}  exf4 {[%clk 0:06:25]} 23. Bxf4 {[%clk 0:04:59]}  Bxg5 {[%clk 0:06:29]} 24. Kh1 {[%clk 0:04:38]}  Bxf4 {[%clk 0:06:16]} 25. Qxf4 {[%clk 0:04:41]}  Qe5 {[%clk 0:06:20]} 26. Qf3 {[%clk 0:03:50]}  Rg5 {[%clk 0:04:12]} 27. Ng4 {[%clk 0:00:33]}  Qg3 {[%clk 0:05:31]} 28. Rac1 {[%clk 0:00:02]}  Qxf3+ {[%clk 0:05:27]} 0-1

[Event "Rapid Tournament (RAP)"]
[Site "Biel, CH"]
[Date "2025.07.13"]
[Round "7"]
[White "Kwiatkowski, Maciej"]
[Black "Menzi, Jonas"]
[Result "0-1"]
[Board "16"]
[WhiteFideId "1360175"]
[BlackFideId "1345133"]
[WhiteElo "1982"]
[BlackElo "2097"]
[WhiteTeam "SUI"]
[BlackTeam "SUI"]
[WhiteClock "0:02:12"]
[BlackClock "0:00:29"]
[Variant "Standard"]

1. e4 {[%clk 0:14:02]}  e5 {[%clk 0:15:05]} 2. Nf3 {[%clk 0:14:00]}  Nc6 {[%clk 0:15:08]} 3. Bb5 {[%clk 0:13:56]}  a6 {[%clk 0:15:11]} 4. Ba4 {[%clk 0:14:00]}  Nf6 {[%clk 0:15:14]} 5. O-O {[%clk 0:13:52]}  Nxe4 {[%clk 0:15:09]} 6. d4 {[%clk 0:13:45]}  Be7 {[%clk 0:15:07]} 7. d5 {[%clk 0:12:36]}  Nc5 {[%clk 0:15:11]} 8. dxc6 {[%clk 0:10:55]}  Nxa4 {[%clk 0:15:14]} 9. cxd7+ {[%clk 0:10:33]}  Qxd7 {[%clk 0:14:50]} 10. Qxd7+ {[%clk 0:09:26]}  Bxd7 {[%clk 0:14:53]} 11. Nxe5 {[%clk 0:09:29]}  Bf5 {[%clk 0:14:35]} 12. c3 {[%clk 0:09:17]}  f6 {[%clk 0:12:44]} 13. Nf3 {[%clk 0:09:15]}  Kf7 {[%clk 0:12:48]} 14. c4 {[%clk 0:08:45]}  Rad8 {[%clk 0:12:22]} 15. b3 {[%clk 0:08:32]}  Nc5 {[%clk 0:12:06]} 16. Ba3 {[%clk 0:08:08]}  Rd3 {[%clk 0:10:38]} 17. Re1 {[%clk 0:07:15]}  b6 {[%clk 0:08:11]} 18. Nbd2 {[%clk 0:06:41]}  Rhd8 {[%clk 0:08:11]} 19. Nf1 {[%clk 0:06:44]}  Be6 {[%clk 0:06:17]} 20. Ne3 {[%clk 0:06:21]}  a5 {[%clk 0:06:06]} 21. h3 {[%clk 0:03:36]}  a4 {[%clk 0:05:58]} 22. Rab1 {[%clk 0:02:10]}  axb3 {[%clk 0:04:01]} 23. axb3 {[%clk 0:02:01]}  Ra8 {[%clk 0:02:34]} 24. Bb4 {[%clk 0:01:28]}  Rxb3 {[%clk 0:01:34]} 25. Nd5 {[%clk 0:00:35]}  Rxb1 {[%clk 0:01:13]} 26. Rxb1 {[%clk 0:00:39]}  Bd6 {[%clk 0:00:57]} 27. Nd4 {[%clk 0:00:41]}  Bxd5 {[%clk 0:00:34]} 28. cxd5 {[%clk 0:00:45]}  Re8 {[%clk 0:00:24]} 29. Nb5 {[%clk 0:00:44]}  Re5 {[%clk 0:00:18]} 30. Nxd6+ {[%clk 0:00:43]}  cxd6 {[%clk 0:00:21]} 31. Rd1 {[%clk 0:00:47]}  Ke7 {[%clk 0:00:18]} 32. g3 {[%clk 0:00:51]}  Re4 {[%clk 0:00:15]} 33. Bd2 {[%clk 0:00:51]}  Rd4 {[%clk 0:00:10]} 34. Re1+ {[%clk 0:00:55]}  Kd7 {[%clk 0:00:11]} 35. Be3 {[%clk 0:00:58]}  Rxd5 {[%clk 0:00:14]} 36. Ra1 {[%clk 0:01:02]}  Kc6 {[%clk 0:00:09]} 37. Ra7 {[%clk 0:01:06]}  Nb7 {[%clk 0:00:13]} 38. Ra6 {[%clk 0:01:09]}  Rb5 {[%clk 0:00:12]} 39. Ra8 {[%clk 0:01:13]}  Rb1+ {[%clk 0:00:09]} 40. Kg2 {[%clk 0:01:17]}  b5 {[%clk 0:00:09]} 41. Rc8+ {[%clk 0:01:21]}  Kd5 {[%clk 0:00:13]} 42. Rb8 {[%clk 0:01:24]}  Nc5 {[%clk 0:00:17]} 43. Rg8 {[%clk 0:01:27]}  b4 {[%clk 0:00:20]} 44. Rxg7 {[%clk 0:01:30]}  b3 {[%clk 0:00:22]} 45. Rxh7 {[%clk 0:01:33]}  b2 {[%clk 0:00:19]} 46. Rh5+ {[%clk 0:01:37]}  Kc6 {[%clk 0:00:27]} 47. Rh4 {[%clk 0:01:40]}  Rg1+ {[%clk 0:00:26]} 48. Kxg1 {[%clk 0:01:44]}  b1=Q+ {[%clk 0:00:29]} 49. Kg2 {[%clk 0:01:47]}  d5 {[%clk 0:00:07]} 50. Rf4 {[%clk 0:01:51]}  Qg6 {[%clk 0:00:11]} 51. h4 {[%clk 0:01:55]}  Ne6 {[%clk 0:00:14]} 52. Rf3 {[%clk 0:01:58]}  d4 {[%clk 0:00:17]} 53. Bd2 {[%clk 0:02:00]}  Qe4 {[%clk 0:00:21]} 54. h5 {[%clk 0:02:03]}  Ng5 {[%clk 0:00:24]} 55. Bxg5 {[%clk 0:02:06]}  fxg5 {[%clk 0:00:28]} 56. g4 {[%clk 0:02:07]}  Qxg4+ {[%clk 0:00:29]} 57. Rg3 {[%clk 0:02:12]}  Qxh5 {[%clk 0:00:29]} 0-1

[Event "Rapid Tournament (RAP)"]
[Site "Biel, CH"]
[Date "2025.07.13"]
[Round "7"]
[White "Zenker, Ulrich"]
[Black "Chen, Muxi"]
[Result "0-1"]
[Board "17"]
[WhiteFideId "4614976"]
[BlackFideId "8626073"]
[WhiteTitle "FM"]
[WhiteElo "2081"]
[BlackElo "1979"]
[WhiteTeam "GER"]
[BlackTeam "CHN"]
[WhiteClock "0:00:08"]
[BlackClock "0:01:41"]
[Variant "Standard"]

1. e4 {[%clk 0:12:23]}  c5 {[%clk 0:15:08]} 2. Nf3 {[%clk 0:12:24]}  Nc6 {[%clk 0:15:12]} 3. c3 {[%clk 0:12:26]}  d5 {[%clk 0:15:08]} 4. exd5 {[%clk 0:12:26]}  Qxd5 {[%clk 0:15:11]} 5. Na3 {[%clk 0:12:26]}  g6 {[%clk 0:14:55]} 6. d4 {[%clk 0:12:18]}  cxd4 {[%clk 0:14:46]} 7. Nb5 {[%clk 0:12:12]}  Qd8 {[%clk 0:10:40]} 8. Bf4 {[%clk 0:08:54]}  e5 {[%clk 0:12:42]} 9. Nxe5 {[%clk 0:08:52]}  Qf6 {[%clk 0:10:31]} 10. Nc7+ {[%clk 0:06:54]}  Kd8 {[%clk 0:10:07]} 11. Bg5 {[%clk 0:06:35]}  Qxg5 {[%clk 0:10:03]} 12. Nxf7+ {[%clk 0:06:37]}  Kxc7 {[%clk 0:10:07]} 13. Nxg5 {[%clk 0:06:35]}  dxc3 {[%clk 0:09:07]} 14. bxc3 {[%clk 0:06:09]}  Bg7 {[%clk 0:08:51]} 15. Rc1 {[%clk 0:05:54]}  Nf6 {[%clk 0:08:38]} 16. Be2 {[%clk 0:05:44]}  Rd8 {[%clk 0:08:22]} 17. Qb3 {[%clk 0:05:33]}  Re8 {[%clk 0:07:46]} 18. Qc4 {[%clk 0:04:13]}  h6 {[%clk 0:07:29]} 19. Nf3 {[%clk 0:03:57]}  Bf5 {[%clk 0:07:00]} 20. O-O {[%clk 0:03:03]}  Re4 {[%clk 0:06:59]} 21. Nd4 {[%clk 0:03:06]}  Nd7 {[%clk 0:06:13]} 22. Bf3 {[%clk 0:01:23]}  Nde5 {[%clk 0:05:58]} 23. Qb3 {[%clk 0:00:47]}  Nxf3+ {[%clk 0:05:51]} 24. Nxf3 {[%clk 0:00:50]}  Be6 {[%clk 0:05:38]} 25. Qc2 {[%clk 0:00:50]}  Bf5 {[%clk 0:05:35]} 26. Qb3 {[%clk 0:00:50]}  Be6 {[%clk 0:05:39]} 27. Qb2 {[%clk 0:00:48]}  Bc4 {[%clk 0:05:01]} 28. Rfe1 {[%clk 0:00:49]}  Rae8 {[%clk 0:04:42]} 29. Rxe4 {[%clk 0:00:43]}  Rxe4 {[%clk 0:04:45]} 30. Re1 {[%clk 0:00:47]}  Rxe1+ {[%clk 0:04:31]} 31. Nxe1 {[%clk 0:00:50]}  b5 {[%clk 0:04:16]} 32. Nf3 {[%clk 0:00:53]}  b4 {[%clk 0:03:49]} 33. Qc2 {[%clk 0:00:57]}  Bxc3 {[%clk 0:03:44]} 34. Qxg6 {[%clk 0:00:55]}  Bxa2 {[%clk 0:03:30]} 35. Qc2 {[%clk 0:00:48]}  Bd5 {[%clk 0:02:44]} 36. Qd3 {[%clk 0:00:10]}  Kd6 {[%clk 0:03:04]} 37. Kf1 {[%clk 0:00:11]}  Kc5 {[%clk 0:03:02]} 38. Nd2 {[%clk 0:00:09]}  a5 {[%clk 0:02:36]} 39. Ne4+ {[%clk 0:00:07]}  Bxe4 {[%clk 0:02:33]} 40. Qxe4 {[%clk 0:00:11]}  a4 {[%clk 0:02:09]} 41. f4 {[%clk 0:00:16]}  a3 {[%clk 0:02:04]} 42. Qe6 {[%clk 0:00:13]}  Nd4 {[%clk 0:02:00]} 43. Qa2 {[%clk 0:00:14]}  Bb2 {[%clk 0:01:58]} 44. g4 {[%clk 0:00:12]}  b3 {[%clk 0:01:58]} 45. Qb1 {[%clk 0:00:16]}  Bc3 {[%clk 0:01:55]} 46. Qe4 {[%clk 0:00:11]}  a2 {[%clk 0:01:46]} 47. Qe7+ {[%clk 0:00:13]}  Kc4 {[%clk 0:01:42]} 48. Qf7+ {[%clk 0:00:14]}  Kd3 {[%clk 0:01:42]} 49. Qg6+ {[%clk 0:00:14]}  Kd2 {[%clk 0:01:44]} 50. Kf2 {[%clk 0:00:08]}  a1=Q {[%clk 0:01:41]} 0-1

[Event "Rapid Tournament (RAP)"]
[Site "Biel, CH"]
[Date "2025.07.13"]
[Round "7"]
[White "Sadeghi, Hassan Roger"]
[Black "Yu, Tianxiang Carlos"]
[Result "1/2-1/2"]
[Board "18"]
[WhiteFideId "1304712"]
[BlackFideId "39922723"]
[WhiteTitle "CM"]
[WhiteElo "2068"]
[BlackElo "1962"]
[WhiteTeam "SUI"]
[BlackTeam "USA"]
[WhiteClock "0:01:09"]
[BlackClock "0:00:14"]
[Variant "Standard"]

1. Nc3 {[%clk 0:15:08]}  g6 {[%clk 0:15:09]} 2. e4 {[%clk 0:15:09]}  c5 {[%clk 0:15:13]} 3. g3 {[%clk 0:15:05]}  Bg7 {[%clk 0:15:17]} 4. Bg2 {[%clk 0:15:08]}  Nc6 {[%clk 0:15:21]} 5. d3 {[%clk 0:15:11]}  e6 {[%clk 0:14:57]} 6. f4 {[%clk 0:14:52]}  Nge7 {[%clk 0:15:23]} 7. Nf3 {[%clk 0:14:29]}  O-O {[%clk 0:15:01]} 8. Be3 {[%clk 0:14:21]}  Nd4 {[%clk 0:15:07]} 9. e5 {[%clk 0:13:38]}  Nef5 {[%clk 0:13:20]} 10. Bf2 {[%clk 0:13:40]}  d6 {[%clk 0:13:11]} 11. exd6 {[%clk 0:11:33]}  Nxd6 {[%clk 0:11:50]} 12. O-O {[%clk 0:11:09]}  Rb8 {[%clk 0:10:28]} 13. Rb1 {[%clk 0:09:08]}  b5 {[%clk 0:08:33]} 14. Ne4 {[%clk 0:08:31]}  Nxe4 {[%clk 0:07:55]} 15. dxe4 {[%clk 0:08:27]}  Bb7 {[%clk 0:04:26]} 16. c3 {[%clk 0:05:56]}  Nxf3+ {[%clk 0:06:29]} 17. Bxf3 {[%clk 0:05:57]}  Qc7 {[%clk 0:05:53]} 18. Qe2 {[%clk 0:05:08]}  a6 {[%clk 0:05:45]} 19. Be3 {[%clk 0:04:29]}  Rfe8 {[%clk 0:03:05]} 20. Rbd1 {[%clk 0:01:55]}  Rbd8 {[%clk 0:02:52]} 21. Qf2 {[%clk 0:01:12]}  Bf8 {[%clk 0:01:48]} 22. a3 {[%clk 0:02:29]}  Qc8 {[%clk 0:00:26]} 23. Qe2 {[%clk 0:02:03]}  Rxd1 {[%clk 0:00:22]} 24. Rxd1 {[%clk 0:02:05]}  Rd8 {[%clk 0:00:25]} 25. Rd2 {[%clk 0:01:49]}  Rxd2 {[%clk 0:00:09]} 26. Qxd2 {[%clk 0:01:37]}  c4 {[%clk 0:00:14]} 27. Qd4 {[%clk 0:01:18]}  Bc6 {[%clk 0:00:14]} 28. Kf2 {[%clk 0:01:19]}  Qd7 {[%clk 0:00:18]} 29. Qxd7 {[%clk 0:01:09]}  Bxd7 {[%clk 0:00:14]} 1/2-1/2

[Event "Rapid Tournament (RAP)"]
[Site "Biel, CH"]
[Date "2025.07.13"]
[Round "7"]
[White "Drechsler, Christoph"]
[Black "Corbat, Philippe"]
[Result "1-0"]
[Board "19"]
[WhiteFideId "1305280"]
[BlackFideId "1304496"]
[WhiteElo "2067"]
[BlackElo "1957"]
[WhiteTeam "SUI"]
[BlackTeam "SUI"]
[WhiteClock "0:02:34"]
[BlackClock "0:01:52"]
[Variant "Standard"]

1. d4 {[%clk 0:15:07]}  d5 {[%clk 0:15:05]} 2. Nf3 {[%clk 0:15:11]}  e6 {[%clk 0:15:11]} 3. e3 {[%clk 0:15:09]}  Nf6 {[%clk 0:15:12]} 4. Bd3 {[%clk 0:14:58]}  c5 {[%clk 0:15:08]} 5. c3 {[%clk 0:14:54]}  Nc6 {[%clk 0:15:09]} 6. Nbd2 {[%clk 0:14:39]}  b6 {[%clk 0:14:44]} 7. Ne5 {[%clk 0:13:55]}  Nxe5 {[%clk 0:14:21]} 8. dxe5 {[%clk 0:15:04]}  Nd7 {[%clk 0:14:25]} 9. f4 {[%clk 0:14:23]}  Bb7 {[%clk 0:14:15]} 10. O-O {[%clk 0:13:30]}  c4 {[%clk 0:13:11]} 11. Bc2 {[%clk 0:12:47]}  Bc5 {[%clk 0:12:26]} 12. Nf3 {[%clk 0:11:21]}  h6 {[%clk 0:11:53]} 13. Nd4 {[%clk 0:10:46]}  a6 {[%clk 0:11:05]} 14. f5 {[%clk 0:09:35]}  Bxd4 {[%clk 0:10:54]} 15. exd4 {[%clk 0:08:37]}  Qe7 {[%clk 0:10:45]} 16. fxe6 {[%clk 0:13:34]}  Qxe6 {[%clk 0:09:34]} 17. Bf5 {[%clk 0:12:30]}  Qc6 {[%clk 0:06:08]} 18. Bxd7+ {[%clk 0:12:15]}  Qxd7 {[%clk 0:05:45]} 19. e6 {[%clk 0:09:24]}  fxe6 {[%clk 0:06:30]} 20. Qh5+ {[%clk 0:09:17]}  Kd8 {[%clk 0:03:38]} 21. Rf7 {[%clk 0:07:53]}  Qe8 {[%clk 0:02:36]} 22. Qh4+ {[%clk 0:07:45]}  Kc8 {[%clk 0:01:50]} 23. Qf4 {[%clk 0:07:24]}  Qd8 {[%clk 0:01:30]} 24. Qe5 {[%clk 0:06:48]}  Re8 {[%clk 0:00:15]} 25. Rxg7 {[%clk 0:05:09]}  Re7 {[%clk 0:02:38]} 26. Bxh6 {[%clk 0:05:04]}  Rxg7 {[%clk 0:02:41]} 27. Bxg7 {[%clk 0:04:35]}  Kd7 {[%clk 0:02:25]} 28. Rf1 {[%clk 0:03:06]}  Qg8 {[%clk 0:02:01]} 29. Bh6 {[%clk 0:02:39]}  Re8 {[%clk 0:01:52]} 30. Bf4 {[%clk 0:02:34]} 1-0

[Event "Rapid Tournament (RAP)"]
[Site "Biel, CH"]
[Date "2025.07.13"]
[Round "7"]
[White "Kumbharathi, Vedansh"]
[Black "Schweizer, Samuel"]
[Result "1-0"]
[Board "20"]
[WhiteFideId "30998395"]
[BlackFideId "1325353"]
[WhiteElo "1931"]
[BlackElo "2061"]
[WhiteTeam "USA"]
[BlackTeam "JPN"]
[WhiteClock "0:10:48"]
[BlackClock "0:11:30"]
[Variant "Standard"]

1. e4 {[%clk 0:15:06]}  g6 {[%clk 0:15:06]} 2. d4 {[%clk 0:15:04]}  Bg7 {[%clk 0:15:00]} 3. Nf3 {[%clk 0:15:07]}  d6 {[%clk 0:15:04]} 4. Be2 {[%clk 0:15:00]}  e6 {[%clk 0:15:02]} 5. O-O {[%clk 0:15:00]}  h6 {[%clk 0:15:05]} 6. c3 {[%clk 0:15:00]}  Ne7 {[%clk 0:15:05]} 7. Re1 {[%clk 0:15:03]}  a6 {[%clk 0:15:07]} 8. Bf1 {[%clk 0:15:03]}  b6 {[%clk 0:15:10]} 9. Be3 {[%clk 0:15:06]}  Bb7 {[%clk 0:15:13]} 10. Nbd2 {[%clk 0:15:10]}  Nd7 {[%clk 0:15:17]} 11. Qc2 {[%clk 0:15:13]}  O-O {[%clk 0:15:17]} 12. Rad1 {[%clk 0:15:17]}  Kh7 {[%clk 0:15:16]} 13. e5 {[%clk 0:14:56]}  Nf5 {[%clk 0:15:13]} 14. exd6 {[%clk 0:14:54]}  Nxe3 {[%clk 0:15:07]} 15. Rxe3 {[%clk 0:14:56]}  cxd6 {[%clk 0:15:10]} 16. Bd3 {[%clk 0:14:52]}  Nf6 {[%clk 0:15:06]} 17. Ne4 {[%clk 0:14:49]}  Ng4 {[%clk 0:14:53]} 18. Ree1 {[%clk 0:14:50]}  e5 {[%clk 0:14:07]} 19. dxe5 {[%clk 0:14:44]}  Nxe5 {[%clk 0:14:06]} 20. Nxe5 {[%clk 0:14:41]}  dxe5 {[%clk 0:14:09]} 21. Bxa6 {[%clk 0:14:26]}  Bxe4 {[%clk 0:14:08]} 22. Qxe4 {[%clk 0:14:20]}  Qc7 {[%clk 0:14:07]} 23. Bc4 {[%clk 0:14:22]}  Rad8 {[%clk 0:14:00]} 24. h3 {[%clk 0:14:13]}  f5 {[%clk 0:14:04]} 25. Qe2 {[%clk 0:14:15]}  e4 {[%clk 0:14:06]} 26. Bb3 {[%clk 0:14:13]}  Rde8 {[%clk 0:14:06]} 27. Qc4 {[%clk 0:14:00]}  Qe7 {[%clk 0:13:31]} 28. Qc6 {[%clk 0:13:46]}  Rf6 {[%clk 0:13:24]} 29. Qb5 {[%clk 0:13:39]}  f4 {[%clk 0:13:04]} 30. Rd7 {[%clk 0:13:40]}  Qf8 {[%clk 0:13:15]} 31. Qd5 {[%clk 0:12:55]}  f3 {[%clk 0:11:03]} 32. g3 {[%clk 0:10:40]}  e3 {[%clk 0:12:56]} 33. Rxe3 {[%clk 0:10:43]}  Rxe3 {[%clk 0:13:00]} 34. fxe3 {[%clk 0:10:47]}  f2+ {[%clk 0:13:03]} 35. Kf1 {[%clk 0:10:51]}  Rf5 {[%clk 0:12:57]} 36. Rf7 {[%clk 0:10:42]}  Qc8 {[%clk 0:11:39]} 37. Rxf5 {[%clk 0:10:42]}  gxf5 {[%clk 0:11:42]} 38. Kxf2 {[%clk 0:10:44]}  f4 {[%clk 0:11:31]} 39. exf4 {[%clk 0:10:37]}  Qxh3 {[%clk 0:11:33]} 40. Qe4+ {[%clk 0:10:40]}  Kh8 {[%clk 0:11:30]} 41. Qe8+ {[%clk 0:10:44]}  Kh7 {[%clk 0:11:30]} 42. Bg8+ {[%clk 0:10:48]} 1-0

[Event "Rapid Tournament (RAP)"]
[Site "Biel, CH"]
[Date "2025.07.13"]
[Round "7"]
[White "Ding, Shirui"]
[Black "Hornung, Hans, Dr."]
[Result "1-0"]
[Board "21"]
[WhiteFideId "8618445"]
[BlackFideId "4615140"]
[WhiteElo "1829"]
[BlackElo "2052"]
[WhiteTeam "CHN"]
[BlackTeam "GER"]
[WhiteClock "0:00:20"]
[BlackClock "0:00:00"]
[Variant "Standard"]

1. d4 {[%clk 0:15:04]}  Nf6 {[%clk 0:15:01]} 2. c4 {[%clk 0:15:07]}  Nc6 {[%clk 0:14:55]} 3. Nc3 {[%clk 0:14:24]}  e5 {[%clk 0:14:57]} 4. d5 {[%clk 0:14:21]}  Ne7 {[%clk 0:14:49]} 5. e4 {[%clk 0:14:21]}  Ng6 {[%clk 0:14:42]} 6. Nf3 {[%clk 0:14:19]}  Bb4 {[%clk 0:13:40]} 7. Bd3 {[%clk 0:14:19]}  O-O {[%clk 0:12:55]} 8. O-O {[%clk 0:14:15]}  Bxc3 {[%clk 0:12:36]} 9. bxc3 {[%clk 0:14:17]}  d6 {[%clk 0:12:32]} 10. h3 {[%clk 0:13:54]}  Nh5 {[%clk 0:11:09]} 11. Bc2 {[%clk 0:12:51]}  Nhf4 {[%clk 0:11:03]} 12. Be3 {[%clk 0:12:12]}  b6 {[%clk 0:11:02]} 13. Rb1 {[%clk 0:10:35]}  f5 {[%clk 0:10:30]} 14. Ne1 {[%clk 0:09:19]}  fxe4 {[%clk 0:08:57]} 15. Bxe4 {[%clk 0:09:19]}  Bf5 {[%clk 0:08:29]} 16. Bxf5 {[%clk 0:07:54]}  Rxf5 {[%clk 0:08:31]} 17. Kh2 {[%clk 0:07:51]}  Qd7 {[%clk 0:07:44]} 18. Qg4 {[%clk 0:06:04]}  h5 {[%clk 0:06:32]} 19. Qd1 {[%clk 0:05:44]}  Raf8 {[%clk 0:06:21]} 20. Nd3 {[%clk 0:05:10]}  Nxh3 {[%clk 0:03:47]} 21. f3 {[%clk 0:02:34]}  Nhf4 {[%clk 0:03:30]} 22. Nf2 {[%clk 0:02:26]}  Rg5 {[%clk 0:02:48]} 23. g3 {[%clk 0:01:00]}  Qf5 {[%clk 0:01:18]} 24. Rg1 {[%clk 0:00:27]}  h4 {[%clk 0:00:39]} 25. gxf4 {[%clk 0:00:18]}  exf4 {[%clk 0:00:40]} 26. Bd4 {[%clk 0:00:16]}  Rg3 {[%clk 0:00:30]} 27. Qd3 {[%clk 0:00:11]}  Qg5 {[%clk 0:00:25]} 28. Ng4 {[%clk 0:00:09]}  Ne5 {[%clk 0:00:23]} 29. Bxe5 {[%clk 0:00:12]}  dxe5 {[%clk 0:00:27]} 30. Rbe1 {[%clk 0:00:15]}  Qxg4 {[%clk 0:00:22]} 31. fxg4 {[%clk 0:00:14]}  Rxd3 {[%clk 0:00:25]} 32. Rxe5 {[%clk 0:00:16]}  Rxc3 {[%clk 0:00:23]} 33. Re4 {[%clk 0:00:16]}  f3 {[%clk 0:00:22]} 34. Rf1 {[%clk 0:00:18]}  Rc2+ {[%clk 0:00:21]} 35. Kh3 {[%clk 0:00:21]}  Rxa2 {[%clk 0:00:20]} 36. Kxh4 {[%clk 0:00:23]}  Rh2+ {[%clk 0:00:06]} 37. Kg5 {[%clk 0:00:20]}  a5 {[%clk 0:00:00]} 1-0